000 00865nam0a22002651 4500
001 rc\938096
005 20250622050927.0
035 _a(NLR Aleph) 006110801
090 _a5356931
_c5356931
100 _a20041129d1982 |||y0rusy50 ca
101 0 _arus
102 _aRU
105 _aa |||||||||
200 1 _aЮрий Тимошенко и Ефим Березин
210 _aМ.
_cИскусство
_d1982
215 _a224 с., 16 л. ил.
_d17
225 1 _aМастера советской эстрады
600 1 _aТимошенко
_bЮ.Т.
_gЮрий Трофимович
_2psbo
600 1 _aБерезин
_bЕ.И.
_gЕфим Иосифович
_2psbo
700 1 _aВиккерс
_bР.Б.
_f1931-
_gРоберт Борисович
801 0 _aRU
_bNLR
_gpsbo
801 1 _aRU
_bELAR
_2rusmarc
852 _aNLR
_j82-2/3004
942 _cBOOK
980 _aNB